What about this: (Record no. 14173)

000 -LEADER
fixed length control field 00644nam a2200241 a 4500
001 - CONTROL NUMBER
control field :::00011997$&:&@@
003 - CONTROL NUMBER IDENTIFIER
control field OkBaRHE
005 - DATE AND TIME OF LATEST TRANSACTION
control field 20000607103414.0
008 - FIXED-LENGTH DATA ELEMENTS--GENERAL INFORMATION
fixed length control field j 000 0 eng u
040 ## - CATALOGING SOURCE
Transcribing agency
100 1# - MAIN ENTRY--PERSONAL NAME
Personal name Kerr, Mal.
245 10 - TITLE STATEMENT
Title What about this:
Remainder of title vol. 4.
260 ## - PUBLICATION, DISTRIBUTION, ETC. (IMPRINT)
Place of publication, distribution, etc Pottsville, PA., :
Name of publisher, distributor, etc Mal Kerr
Date of publication, distribution, etc nd
300 ## - PHYSICAL DESCRIPTION
Extent 48 p. ;
Dimensions 20 cm.
650 ## - SUBJECT ADDED ENTRY--TOPICAL TERM
Topical term or geographic name as entry element Faith
650 ## - SUBJECT ADDED ENTRY--TOPICAL TERM
Topical term or geographic name as entry element Faith Cure
650 ## - SUBJECT ADDED ENTRY--TOPICAL TERM
Topical term or geographic name as entry element Future Life
650 ## - SUBJECT ADDED ENTRY--TOPICAL TERM
Topical term or geographic name as entry element Prayer
650 ## - SUBJECT ADDED ENTRY--TOPICAL TERM
Topical term or geographic name as entry element Soul
650 ## - SUBJECT ADDED ENTRY--TOPICAL TERM
Topical term or geographic name as entry element Theology
General subdivision Doctrinal
942 ## - ADDED ENTRY ELEMENTS (KOHA)
Source of classification or shelving scheme
Koha item type Books
Copies
Permanent Location Shelving location Not for loan Date last seen Withdrawn status Full call number Damaged status Source of classification or shelving scheme Barcode Koha item type Price effective from Copy number Date acquired Lost status
RHEMA Bible Training CollegeGeneral Stacks 2010-04-14 BX 8764 .K4W5  11997Books2010-04-1412010-04-14